| 000 | 00453nam a2200157Ia 4500 | ||
|---|---|---|---|
| 003 | OSt | ||
| 005 | 20200702152226.0 | ||
| 008 | 190216s9999||||xx |||||||||||||| ||und|| | ||
| 040 | _coclc | ||
| 082 |
_a947 _bNOV/S |
||
| 100 |
_aNovosti Press _93477 |
||
| 245 | 0 |
_aSoviet Union 100 Chodyangalum Utharangalum / _cNovosti Press |
|
| 260 |
_bSoviet Pub, _c1983. _aMadras: |
||
| 300 | _a128p | ||
| 942 |
_cBK _2ddc _h947 _iNOV/S _k947 _mNOV/S |
||
| 999 |
_c19286 _d19286 |
||